Score 0/30 Timer 05:00
2 Plays Today
Stem Answer % Correct
Crazy, Stupid,Love
91%
Crouching Tiger,Hidden Dragon
90.2%
O Brother,Where Art Thou?
89.3%
The Good, the Bad, and the Ugly
88.6%
Honey,I Shrunk the Kids
88.4%
Planes,Trains & Automobiles
85.2%
Dude,Where's My Car?
84.6%
Definitely,Maybe
83%
Yours, Mine,and Ours
78.1%
Play it Again,Sam
73.7%
Girl,Interrupted
70.1%
To Sir,With Love
68.5%
It's a Mad, Mad, Mad, Mad World
65.2%
Good Night, and Good Luck.
61.6%
They Shoot Horses,Don't They?
59.8%
Stem Answer % Correct
What's Up,Doc?
58.2%
Bright Lights, Big City
57.5%
The Adventures of Priscilla,Queen of the Desert
55%
I Love You, Man
45.4%
The Russians Are Coming,The Russians Are Coming
41.3%
Davy Crockett,King of the Wild Frontier
37.4%
Run Silent,Run Deep
33.4%
Synecdoche, New York
32%
Silent Night,Deadly Night
26.5%
Elvira, Mistress of the Dark
24.8%
Paris,je t'aime
17.7%
The Cook, the Thief, His Wife and Her Lover
15.8%
Aguirre,The Wrath of God
14%
Sorry,Wrong Number
12%
Lust,Caution
8.9%

You're not logged in!

Compare scores with friends on all Sporcle quizzes.
OR
Log In

Sporcle TV

Today on Sporcle TV


Watch our educational content, quiz creation guides, and fun videos on Sporcle TV.

Show Comments

Extras

Top Quizzes Today


Score Distribution

Your Account Isn't Verified!

In order to create a playlist on Sporcle, you need to verify the email address you used during registration. Go to your Sporcle Settings to finish the process.

Report this User

Report this user for behavior that violates our Community Guidelines.

Details: